MARC

LEADER 00000nam0a2200000 4500
001 70637
005 20260227163711.0
010 |a 5020102865 
035 |a (RuTPU)RU\TPU\book\75202 
090 |a 70637 
100 |a 20041125d2005 k y0rusy50 ca 
101 0 |a rus 
102 |a RU 
105 |a y z 001zy 
200 1 |a Проекты аграрных реформ в России. XVIII - начало XXI в.  |f А. Н. Медушевский  |g Российская академия наук, Институт российской истории 
210 |a Москва  |c Наука  |d 2005 
215 |a 639 с. 
320 |a Библиогр.: с. 616-630 
320 |a Именной указатель: с. 631-639. 
606 |a Социально-экономические отношения в России  |x История  |9 81512 
610 1 |a Россия 
610 1 |a аграрные реформы 
610 1 |a аграрная политика 
610 1 |a аграрная экономика 
610 1 |a проекты 
610 1 |a 18 век 
610 1 |a 19 век 
610 1 |a 20 век 
610 1 |a земельный фонд 
610 1 |a земельная собственность 
610 1 |a земельные отношения 
610 1 |a крепостное право 
610 1 |a крестьянские общины 
610 1 |a правовой дуализм 
610 1 |a либеральные реформы 
610 1 |a Временное правительство 
610 1 |a уравнительный передел земли 
610 1 |a аграрные революции 
610 1 |a частная собственность 
610 1 |a Земельный кодекс 
610 1 |a постсоветская Россия 
610 1 |a легитимность 
610 1 |a технология 
686 |a Т3(2)-2  |2 rubbk 
686 |a У9(2)32г  |2 rubbk 
700 1 |a Медушевский  |b А. Н.  |g Андрей Николаевич 
712 0 2 |a Российская академия наук  |b Институт российской истории  |3 (RuTPU)RU\TPU\col\175 
801 1 |a RU  |b 63413507  |c 20041125  |g PSBO 
801 2 |a RU  |b 63413507  |c 20120830  |g PSBO 
942 |c BK